| 000 | 01346cam a2200229 4500 | ||
|---|---|---|---|
| 001 | WB4020-09 | ||
| 008 | 040527n2004 000 0 eng u | ||
| 035 | _a(Sirsi) u126299 | ||
| 245 | _aBuy-to-let investors not selling | ||
| 260 | _c2004 | ||
| 490 |
_aRICS News Service _v(052) 28 May 2004 (3) |
||
| 520 | _a"RICS residential lettings survey Great Britain" for the three months to the end of April 2004 shows that there is little evidence that buy-to-let investors want to sell up despite recent interest rate increases and speculation about a housing market. Slight upward pressure on rents caused by stronger tenant demand is expected to continue. In April, 23% more surveyors reported a rise in lettings activity than a fall, 8% more surveyors reported higher rents than a fall and 22% more surveyors reported a rise in new instructions than a fall. The survey is available at http://www.rics.org/resources/economic_analysis/re sidential_market_survey.html. http://www.rics.org/ricscms/bin/show?class=PressRe lease&template=/includes/showpr.html&id=1184&facul ty=RICS | ||
| 590 | _aWB | ||
| 590 | _aWB | ||
| 650 | _aRICS RESIDENTIAL LETTINGS SURVEY GREAT BRITAIN | ||
| 650 | _aLETTINGS MARKET SURVEY | ||
| 650 | _aBUY-TO-LET | ||
| 650 | _aRENTAL SECTOR | ||
| 650 | _aRENTAL PRICES | ||
| 690 | _aHOUSING-MARKET | ||
| 942 | _n0 | ||
| 999 |
_c117408 _d117408 |
||